Trójská válka

Podrobná bibliografia
Médium: Kniha
Jazyk:čeština
Fyzický popis:170 s. 8x5 cm
Vydavateľské údaje: Bratislava Nestor 2004
ISBN:8080800103
Vydanie:[1. vyd.]
Edícia:Medailon
Bohové a hrdinové antiky
Predmet:

MARC

LEADER 00000nam a2200000 a 4500
001 vtls001521950
003 SK-MaSNL
005 20260302073924.0
008 200115s2004 xo 000 1 cze
015 |a SNBA2005/06-02435 
020 |a 8080800103  |q (viaz.) 
035 |a urn:nbn:sk:snk-am00cuju 
035 |a urn:nbn:sk:snk-am3hp3y 
035 |a 965585AE-6D35-42A5-9B52-949BF96C3E60 
040 |a SNK  |b slo  |c SNK  |e AACR2 
041 0 |a cze 
044 |a xo  |c SK 
072 7 |a 821.14  |x Grécka (antická) literatúra  |2 konspekt 
080 |a (38)  |2 MDT-MRF 
080 |a 821.14-342  |2 MDT-MRF 
245 0 0 |a Trójská válka 
250 |a [1. vyd.] 
260 |a Bratislava  |b Nestor  |c 2004 
300 |a 170 s.  |c 8x5 cm 
490 1 |a Medailon 
490 1 |a Bohové a hrdinové antiky 
500 |a Ilustr. na front 
655 7 |a grécke báje  |2 SNKPH  |9 74457 
830 0 |a Medailon  |9 301128 
830 0 |a Bohové a hrdinové antiky  |9 305586 
919 |a 80-8080-010-3 
968 |d 821 
999 |c 1162885  |d 1164815 
952 |a SNK  |b SNK  |y PREZ  |7 0  |p 17A0461810  |o snkSE 10915  |i snk2005/5056  |8 0  |0 0  |1 0  |4 0  |d 2005-04-01  |f 1  |l 0  |r 2026-02-24 20:39:05  |w 2026-02-24 
952 |a SNK  |b SNK  |y VYP  |7 0  |p 17A0461809  |o snkSE 10915 D1  |i snk2005/5057  |8 0  |0 0  |1 0  |4 0  |d 2005-04-01  |l 0  |r 2026-02-24 20:39:05  |w 2026-02-24